00846nam a22001937a 4500003000400000082001600004245009500020260003600115300001000151546001200161650006000173650005500233650008400288650005700372700002300429942001300452999001900465952016800484OSt a577bGUN/RE aResidue reviews V.14:bresidues of pesticides and other foreign chemicals in food and feed aBerlinbSpringer - verlagc1966 a131p. aEnglish aPurification of solvents for pesticide residue analysis aAutomated pesticide residue analysis and screening aBiochemical and metabolic changes in plants induced by chlorophenoxy herbicides aReview of the symposium on foreign materials in food aGunther, Francis A 2ddccREF c162879d162879 00102ddc40718REFaKAUCLVbKAUCLVcREFd2018-12-10l0o577 GUN/REp906545r2018-12-10 00:00:00w2018-12-10yREFzBook transferred from CoH Library, Acc.No: 1053